Полупроводниковый коммутатор для возбуждения асинхронизированных синхронных машин; Состояние и перспективы развития полупроводникового возбуждения синхронных двигателей

Bibliographische Detailangaben
Parent link:Состояние и перспективы развития полупроводникового возбуждения синхронных двигателей.— 1966.— С. 69-75
1. Verfasser: Скороспешкин А. И.
Weitere Verfasser: Костырев М. Л., Оберган Э. Ф.
Sprache:Russisch
Veröffentlicht: 1966
Schlagworte:
Format: MixedMaterials Buchkapitel
KOHA link:https://koha.lib.tpu.ru/cgi-bin/koha/opac-detail.pl?biblionumber=592523

MARC

LEADER 00000naa0a2200000 4500
001 592523
005 20250829111754.0
035 |a (RuTPU)RU\TPU\tpu\4715 
090 |a 592523 
100 |a 20011210d1966 k||y0rusy50 ca 
101 0 |a rus 
102 |a RU 
200 1 |a Полупроводниковый коммутатор для возбуждения асинхронизированных синхронных машин  |f А. И. Скороспешкин, М. Л. Костырев, Э. Ф. Оберган 
463 1 |t Состояние и перспективы развития полупроводникового возбуждения синхронных двигателей  |v С. 69-75  |o тезисы к научно-технической конференции  |d 1966 
610 1 |a электрические машины 
610 1 |a труды учёных ТПУ 
610 1 |a электропривод 
700 1 |a Скороспешкин  |b А. И. 
701 1 |a Костырев  |b М. Л. 
701 1 |a Оберган  |b Э. Ф. 
801 0 |a RU  |b 63413507  |c 20011210  |g PSBO 
801 2 |a RU  |b 63413507  |c 20080118  |g PSBO 
942 |c BK